Fútbol Argentino - Clubes por Patrocinador 2025 - Estadísticas

Estadísticas generales
  • Esta prueba ha sido intentada 128 veces
  • La puntuación promedio es 12 de 30
Estadísticas de respuestas
Patrocinador Club % Correcto
Banco de Santiago del Estero Central Córdoba
86%
Betsson Boca Juniors
84%
Codere River Plate
74%
Speed Deportivo Riestra
71%
Provincia de San Juan San Martín de San Juan
69%
Betsson Racing Club
54%
Naldo Sarmiento
45%
MAPEI Lanús
44%
Saphirus Vélez Sarsfield
42%
CityCenter Newell's Old Boys
41%
CATA Internacional Godoy Cruz
40%
Sportsbet Independiente
37%
CityCenter Rosario Central
37%
IEB+ San Lorenzo
37%
Banco Macro Belgrano
36%
Saint-Gobain Estudiantes de La Plata
35%
Sur Finanzas Banfield
34%
(sin patrocinador principal) Huracán
32%
Holcim Talleres de Córdoba
31%
Banco Macro Tigre
31%
Rapicuotas Aldosivi
30%
Banco Macro Independiente Rivadavia
28%
ESCO Platense
27%
Caja Popular de Ahorros Atlético Tucumán
26%
Sur Finanzas Barracas Central
23%
Rapicuotas Argentinos Juniors
19%
SPAT | Vadalac Unión de Santa Fe
19%
Banco Macro Instituto
18%
Rapicuotas Defensa y Justicia
17%
Rapicuotas Gimnasia y Esgrima de La Plata
15%
No se encontraron pruebas coincidentes
Distribución de puntuación
Porcentaje de gente con cada puntuación
Porcentaje por número respondido
Historial de tus puntuaciones
No has intentado esta prueba.